| 000 | 00445pab a2200157 454500 | ||
|---|---|---|---|
| 008 | 180718b1998 xxu||||| |||| 00| 0 eng d | ||
| 100 | _aBissessar, Aun Marie | ||
| 245 | _aRe-engineering the public services of the Commonwealth Caribbean | ||
| 260 | _c1998 | ||
| 300 | _ap.305-26 | ||
| 362 | _aJun | ||
| 650 | _aPublic sector | ||
| 650 | _aPublic administration | ||
| 773 | _aInternational Review of Administrative Sciences | ||
| 909 | _a38747 | ||
| 999 |
_c38747 _d38747 |
||